Detalles MARC
| 000 -CABECERA |
| campo de control de longitud fija |
01067nam a2200217 a 4500 |
| 001 - NÚMERO DE CONTROL |
| campo de control |
000015931 |
| 003 - IDENTIFICADOR DEL NÚMERO DE CONTROL |
| campo de control |
DO-SdBNP |
| 005 - FECHA Y HORA DE LA ÚLTIMA TRANSACCIÓN |
| campo de control |
20210923103847.0 |
| 008 - DATOS DE LONGITUD FIJA--INFORMACIÓN GENERAL |
| campo de control de longitud fija |
100222s2000 dr 001 0 spa d |
| 040 ## - FUENTE DE LA CATALOGACIÓN |
| Centro catalogador/agencia de origen |
DO-SdBNP |
| Lengua de catalogación |
spa |
| Centro/agencia transcriptor |
BNPHU |
| 082 ## - NÚMERO DE LA CLASIFICACIÓN DECIMAL DEWEY |
| Número de clasificación |
344.7293 |
| Número de documento/Ítem |
R311j |
| 245 00 - MENCIÓN DE TÍTULO |
| Título |
Recopilación jurisprudencial integrada de las decisiones de la Suprema Corte de Justicia de la República Dominicana : |
| Resto del título |
materia, procedimiento civil, comercial y laboral / |
| Mención de responsabilidad, etc. |
compilador L. Almanzor González Canahuate. |
| 260 ## - PUBLICACIÓN, DISTRIBUCIÓN, ETC. |
| Lugar de publicación, distribución, etc. |
Santo Domingo : |
| Nombre del editor, distribuidor, etc. |
Centenario, |
| Fecha de publicación, distribución, etc. |
2000. |
| 300 ## - DESCRIPCIÓN FÍSICA |
| Extensión |
v. : |
| Dimensiones |
23 cm. |
| 500 ## - NOTA GENERAL |
| Nota general |
La biblioteca posee el tomo 4, v. 10 --Tomo 3 v. 10 |
| 505 2# - NOTA DE CONTENIDO CON FORMATO |
| Nota de contenido con formato |
Tomo 4, v. 10 treinta (30) años enero 1970, diciembre 1999 -- Tomo 3, v. 10 ventinueve (29)años (1970 - 1998) desistimiento, divorcio, embargos, inadmisibilidad) |
| 650 #4 - PUNTO DE ACCESO ADICIONAL DE MATERIA--TÉRMINO DE MATERIA |
| Término de materia o nombre geográfico como elemento de entrada |
Jurisprudencia |
| Subdivisión general |
Recopilaciones, repertorios, etc. |
| Subdivisión geográfica |
República Dominicana |
| 9 (RLIN) |
19125 |
| 700 1# - PUNTO DE ACCESO ADICIONAL--NOMBRE DE PERSONA |
| Nombre de persona |
González Canahuate,L. Almanzor |
| Término indicativo de función/relación |
comp. |
| 9 (RLIN) |
5213 |
| 710 ## - PUNTO DE ACCESO ADICIONAL--NOMBRE DE ENTIDAD CORPORATIVA |
| Nombre de entidad corporativa o nombre de jurisdicción como elemento de entrada |
República Dominicana |
| Unidad subordinada |
Suprema Corte de Justicia |
| 9 (RLIN) |
7906 |
| 942 ## - ELEMENTOS DE PUNTO DE ACCESO ADICIONAL (KOHA) |
| Fuente del sistema de clasificación o colocación |
Dewey Decimal Classification |
| Tipo de ítem Koha |
Libro |